Workbook/study guide for use with managerial accounting / (Record no. 345132)
[ view plain ]
| 000 -LEADER | |
|---|---|
| fixed length control field | 00917 a2200217 4500 |
| 020 ## - INTERNATIONAL STANDARD BOOK NUMBER | |
| International Standard Book Number | 0071092463 |
| 020 ## - INTERNATIONAL STANDARD BOOK NUMBER | |
| International Standard Book Number | 9780071092463 |
| 082 04 - DEWEY DECIMAL CLASSIFICATION NUMBER | |
| Classification number | 371 |
| 090 ## - LOCALLY ASSIGNED LC-TYPE CALL NUMBER (OCLC); LOCAL CALL NUMBER (RLIN) | |
| -- | 2639 |
| -- | 2639 |
| 100 1# - MAIN ENTRY--PERSONAL NAME | |
| Personal name | D.B.A., CPA Ray H. Garrison. |
| 245 10 - TITLE STATEMENT | |
| Title | Workbook/study guide for use with managerial accounting / |
| Statement of responsibility, etc. | CPA Ray H. Garrison D.B.A. |
| 250 ## - EDITION STATEMENT | |
| Edition statement | 9th ed. |
| 260 ## - PUBLICATION, DISTRIBUTION, ETC. | |
| Place of publication, distribution, etc. | [S.l.] : |
| Name of publisher, distributor, etc. | Irwin McGraw-Hill, |
| Date of publication, distribution, etc. | 1999. |
| 300 ## - PHYSICAL DESCRIPTION | |
| Extent | 264 p. ; |
| Dimensions | 28 cm. |
| 500 ## - GENERAL NOTE | |
| General note | Paperback. |
| 520 ## - SUMMARY, ETC. | |
| Summary, etc. | This study aid provides suggestions for studying chapter material, summarizes essential points in each chapter, and tests students' knowledge using self-test questions and exercises. |
| 700 1# - ADDED ENTRY--PERSONAL NAME | |
| Personal name | Ph.D., CMA Eric W. Noreen. |
| 856 40 - ELECTRONIC LOCATION AND ACCESS | |
| Materials specified | Amazon.com |
| Uniform Resource Identifier | <a href="http://www.amazon.com/exec/obidos/ASIN/0071092463/chopaconline-20">http://www.amazon.com/exec/obidos/ASIN/0071092463/chopaconline-20</a> |
| 856 40 - ELECTRONIC LOCATION AND ACCESS | |
| Materials specified | Amazon customer reviews |
| Uniform Resource Identifier | <a href="http://www.chopac.org/cgi-bin/tools/azrev.pl?q=0071092463">http://www.chopac.org/cgi-bin/tools/azrev.pl?q=0071092463</a> |
| 942 ## - ADDED ENTRY ELEMENTS (KOHA) | |
| Institution code [OBSOLETE] | NBS |
| Koha item type | Book |
| Call number prefix | 658.1511 GAR |
| Withdrawn status | Lost status | Damaged status | Not for loan | Permanent Location | Current Location | Date acquired | Total Checkouts | Total Renewals | Full call number | Barcode | Date last seen | Date last checked out | Price effective from | Koha item type |
|---|---|---|---|---|---|---|---|---|---|---|---|---|---|---|
| Central Library (CL) | Central Library (CL) | 08/28/2013 | 1 | 3 | 658.1511 GAR | NBS4959 | 06/10/2022 | 03/12/2019 | 08/28/2013 | Book |
